Welche S-Bahn-Linie? Berlin - Statistiken

Allgemein
  • Dieses Quiz wurde 51 mal gespielt
  • Das Durchschnittsergebnis liegt bei 224 aus 330
Antwortstatistiken
Frage Kachel Select % Korrekt
Brandenburger Tor S42 Nein
100%
Brandenburger Tor S45 Nein
100%
Brandenburger Tor S75 Nein
100%
Brandenburger Tor S8 Nein
100%
Brandenburger Tor S3 Nein
98%
Brandenburger Tor S46 Nein
98%
Brandenburger Tor S47 Nein
98%
Brandenburger Tor S7 Nein
98%
Brandenburger Tor S85 Nein
98%
Brandenburger Tor S9 Nein
98%
Brandenburger Tor S5 Nein
95%
Brandenburger Tor S1 Ja
86%
Halensee S2 Nein
86%
Halensee S26 Nein
86%
Halensee S5 Nein
86%
Halensee S75 Nein
86%
Halensee S8 Nein
86%
Halensee S85 Nein
86%
Brandenburger Tor S2 Ja
84%
Halensee S25 Nein
84%
Halensee S3 Nein
84%
Botanischer Garten S45 Nein
84%
Friedrichstraße S45 Nein
84%
Botanischer Garten S46 Nein
84%
Friedrichstraße S46 Nein
84%
Botanischer Garten S47 Nein
84%
Friedrichstraße S47 Nein
84%
Botanischer Garten S5 Nein
84%
Botanischer Garten S75 Nein
84%
Botanischer Garten S8 Nein
84%
Botanischer Garten S85 Nein
84%
Friedrichstraße S85 Nein
84%
Halensee S9 Nein
84%
Halensee S1 Nein
81%
Botanischer Garten S25 Nein
81%
Brandenburger Tor S26 Ja
81%
Botanischer Garten S26 Nein
81%
Botanischer Garten S3 Nein
81%
Botanischer Garten S41+S42 Nein
81%
Friedrichstraße S41+S42 Nein
81%
Botanischer Garten S7 Nein
81%
Halensee S7 Nein
81%
Friedrichstraße S7 Ja
81%
Westkreuz S75 Nein
81%
Friedrichstraße S75 Nein
81%
Westkreuz S85 Nein
81%
Botanischer Garten S9 Nein
81%
Westkreuz S1 Nein
79%
Brandenburger Tor S25 Ja
79%
Westkreuz S25 Nein
79%
Westkreuz S26 Nein
79%
Waßmannsdorf S41+S42 Nein
79%
Waßmannsdorf S46 Nein
79%
Halensee S47 Nein
79%
Waßmannsdorf S47 Nein
79%
Westkreuz S47 Nein
79%
Waßmannsdorf S75 Nein
79%
Friedrichstraße S1 Ja
77%
Botanischer Garten S2 Nein
77%
Westkreuz S2 Nein
77%
Friedrichstraße S2 Ja
77%
Waßmannsdorf S25 Nein
77%
Friedrichstraße S25 Ja
77%
Baumschulenweg S25 Nein
77%
Waßmannsdorf S26 Nein
77%
Baumschulenweg S26 Nein
77%
Waßmannsdorf S3 Nein
77%
Friedrichstraße S3 Ja
77%
Baumschulenweg S3 Nein
77%
Halensee S45 Nein
77%
Waßmannsdorf S5 Nein
77%
Friedrichstraße S5 Ja
77%
Baumschulenweg S5 Nein
77%
Waßmannsdorf S7 Nein
77%
Baumschulenweg S75 Nein
77%
Waßmannsdorf S8 Nein
77%
Westkreuz S8 Nein
77%
Botanischer Garten S1 Ja
74%
Waßmannsdorf S1 Nein
74%
Waßmannsdorf S2 Nein
74%
Baumschulenweg S2 Nein
74%
Friedrichstraße S26 Ja
74%
Lehnitz S3 Nein
74%
Lehnitz S41+S42 Nein
74%
Lehnitz S45 Nein
74%
Lehnitz S46 Nein
74%
Lehnitz S47 Nein
74%
Lehnitz S5 Nein
74%
Baumschulenweg S7 Nein
74%
Friedrichstraße S8 Nein
74%
Waßmannsdorf S85 Nein
74%
Lehnitz S85 Nein
74%
Lehnitz S9 Nein
74%
Friedrichstraße S9 Ja
74%
Baumschulenweg S1 Nein
72%
Olympia-Stadion S1 Nein
72%
Lehnitz S25 Nein
72%
Hirschgarten S25 Nein
72%
Tempelhof S25 Nein
72%
Olympia-Stadion S25 Nein
72%
Lehnitz S26 Nein
72%
Tempelhof S26 Nein
72%
Olympia-Stadion S26 Nein
72%
Tempelhof S3 Nein
72%
Halensee S41+S42 Ja
72%
Hirschgarten S41+S42 Nein
72%
Westkreuz S41+S42 Ja
72%
Baumschulenweg S41+S42 Nein
72%
Hirschgarten S45 Nein
72%
Westkreuz S45 Nein
72%
Olympia-Stadion S45 Nein
72%
Hirschgarten S46 Nein
72%
Olympia-Stadion S46 Nein
72%
Olympia-Stadion S47 Nein
72%
Tempelhof S5 Nein
72%
Lehnitz S7 Nein
72%
Tempelhof S7 Nein
72%
Lehnitz S75 Nein
72%
Hirschgarten S75 Nein
72%
Tempelhof S75 Nein
72%
Olympia-Stadion S75 Nein
72%
Hirschgarten S8 Nein
72%
Tempelhof S8 Nein
72%
Hirschgarten S85 Nein
72%
Tempelhof S85 Nein
72%
Olympia-Stadion S85 Nein
72%
Tempelhof S9 Nein
72%
Hirschgarten S1 Nein
70%
Tempelhof S1 Nein
70%
Tempelhof S2 Nein
70%
Olympia-Stadion S2 Nein
70%
Eichwalde S25 Nein
70%
Eichwalde S26 Nein
70%
Hirschgarten S26 Nein
70%
Eichwalde S3 Nein
70%
Eichwalde S41+S42 Nein
70%
Olympia-Stadion S41+S42 Nein
70%
Eichwalde S47 Nein
70%
Hirschgarten S47 Nein
70%
Westkreuz S5 Ja
70%
Westkreuz S7 Ja
70%
Olympia-Stadion S7 Nein
70%
Eichwalde S75 Nein
70%
Lehnitz S8 Nein
70%
Hirschgarten S9 Nein
70%
Eichwalde S1 Nein
67%
Eichwalde S2 Nein
67%
Hohenschönhausen S25 Nein
67%
Hohenschönhausen S26 Nein
67%
Hohenschönhausen S3 Nein
67%
Hohenschönhausen S45 Nein
67%
Hohenschönhausen S46 Nein
67%
Hohenschönhausen S47 Nein
67%
Hohenschönhausen S5 Nein
67%
Eichwalde S7 Nein
67%
Olympia-Stadion S8 Nein
67%
Eichwalde S9 Nein
67%
Hohenschönhausen S9 Nein
67%
Raoul-Wallenberg-Straße S1 Nein
65%
Oberspree S1 Nein
65%
Lehnitz S2 Nein
65%
Hirschgarten S2 Nein
65%
Raoul-Wallenberg-Straße S25 Nein
65%
Beusselstraße S25 Nein
65%
Oberspree S25 Nein
65%
Nikolassee S25 Nein
65%
Beusselstraße S26 Nein
65%
Oberspree S26 Nein
65%
Nikolassee S26 Nein
65%
Westkreuz S3 Ja
65%
Wollankstraße S3 Nein
65%
Beusselstraße S3 Nein
65%
Nikolassee S3 Nein
65%
Raoul-Wallenberg-Straße S41+S42 Nein
65%
Wollankstraße S41+S42 Nein
65%
Oberspree S41+S42 Nein
65%
Tempelhof S41+S42 Ja
65%
Hohenschönhausen S41+S42 Nein
65%
Nikolassee S41+S42 Nein
65%
Raoul-Wallenberg-Straße S45 Nein
65%
Wollankstraße S45 Nein
65%
Oberspree S45 Nein
65%
Nikolassee S45 Nein
65%
Raoul-Wallenberg-Straße S46 Nein
65%
Wollankstraße S46 Nein
65%
Raoul-Wallenberg-Straße S47 Nein
65%
Wollankstraße S47 Nein
65%
Nikolassee S47 Nein
65%
Hirschgarten S5 Nein
65%
Raoul-Wallenberg-Straße S5 Nein
65%
Wollankstraße S5 Nein
65%
Oberspree S5 Nein
65%
Olympia-Stadion S5 Nein
65%
Nikolassee S5 Nein
65%
Hirschgarten S7 Nein
65%
Wollankstraße S7 Nein
65%
Beusselstraße S7 Nein
65%
Wollankstraße S75 Nein
65%
Beusselstraße S75 Nein
65%
Oberspree S75 Nein
65%
Nikolassee S75 Nein
65%
Beusselstraße S8 Nein
65%
Nikolassee S8 Nein
65%
Raoul-Wallenberg-Straße S85 Nein
65%
Beusselstraße S85 Nein
65%
Hohenschönhausen S85 Nein
65%
Nikolassee S85 Nein
65%
Raoul-Wallenberg-Straße S9 Nein
65%
Westkreuz S9 Ja
65%
Beusselstraße S9 Nein
65%
Oberspree S9 Nein
65%
Nikolassee S9 Nein
65%
Beusselstraße S1 Nein
63%
Hohenschönhausen S1 Nein
63%
Beusselstraße S2 Nein
63%
Raoul-Wallenberg-Straße S26 Nein
63%
Raoul-Wallenberg-Straße S3 Nein
63%
Oberspree S3 Nein
63%
Olympia-Stadion S3 Ja
63%
Oberspree S46 Nein
63%
Nikolassee S46 Nein
63%
Beusselstraße S47 Nein
63%
Eichwalde S5 Nein
63%
Beusselstraße S5 Nein
63%
Oberspree S7 Nein
63%
Oberspree S8 Nein
63%
Hohenschönhausen S8 Nein
63%
Oberspree S85 Nein
63%
Wollankstraße S9 Nein
63%
Raoul-Wallenberg-Straße S2 Nein
60%
Oberspree S2 Nein
60%
Hohenschönhausen S2 Nein
60%
Fredersdorf S25 Nein
60%
Schönfließ S26 Nein
60%
Fredersdorf S26 Nein
60%
Schönfließ S3 Nein
60%
Schichauweg S3 Nein
60%
Schönfließ S41+S42 Nein
60%
Osdorfer Straße S41+S42 Nein
60%
Schichauweg S41+S42 Nein
60%
Fredersdorf S41+S42 Nein
60%
Eichwalde S45 Nein
60%
Baumschulenweg S45 Ja
60%
Schönfließ S45 Nein
60%
Osdorfer Straße S45 Nein
60%
Schichauweg S45 Nein
60%
Beusselstraße S45 Nein
60%
Fredersdorf S45 Nein
60%
Schönfließ S46 Nein
60%
Osdorfer Straße S46 Nein
60%
Schichauweg S46 Nein
60%
Beusselstraße S46 Nein
60%
Fredersdorf S46 Nein
60%
Schönfließ S47 Nein
60%
Osdorfer Straße S47 Nein
60%
Schichauweg S47 Nein
60%
Tempelhof S47 Nein
60%
Fredersdorf S47 Nein
60%
Schönfließ S5 Nein
60%
Osdorfer Straße S5 Nein
60%
Schichauweg S5 Nein
60%
Schönfließ S7 Nein
60%
Schichauweg S7 Nein
60%
Hohenschönhausen S7 Nein
60%
Raoul-Wallenberg-Straße S75 Nein
60%
Osdorfer Straße S75 Nein
60%
Schichauweg S75 Nein
60%
Fredersdorf S75 Nein
60%
Raoul-Wallenberg-Straße S8 Nein
60%
Wollankstraße S8 Nein
60%
Osdorfer Straße S8 Nein
60%
Osdorfer Straße S85 Nein
60%
Schichauweg S85 Nein
60%
Schönfließ S9 Nein
60%
Osdorfer Straße S9 Nein
60%
Schichauweg S9 Nein
60%
Fredersdorf S9 Nein
60%
Olympia-Stadion S9 Ja
60%
Schönfließ S2 Nein
58%
Nikolassee S2 Nein
58%
Schönfließ S25 Nein
58%
Osdorfer Straße S3 Nein
58%
Osdorfer Straße S7 Nein
58%
Fredersdorf S7 Nein
58%
Schönfließ S75 Nein
58%
Schichauweg S8 Nein
58%
Baumschulenweg S85 Ja
58%
Schönfließ S85 Nein
58%
Fredersdorf S85 Nein
58%
Wollankstraße S1 Ja
56%
Fredersdorf S1 Nein
56%
Nikolassee S1 Ja
56%
Osdorfer Straße S2 Nein
56%
Schichauweg S25 Nein
56%
Fredersdorf S3 Nein
56%
Beusselstraße S41+S42 Ja
56%
Baumschulenweg S46 Ja
56%
Tempelhof S46 Ja
56%
Fredersdorf S8 Nein
56%
Eichwalde S85 Nein
56%
Waßmannsdorf S9 Ja
56%
Baumschulenweg S9 Ja
56%
Lehnitz S1 Ja
53%
Schichauweg S26 Nein
53%
Halensee S46 Ja
53%
Baumschulenweg S8 Ja
53%
Osdorfer Straße S1 Nein
51%
Schichauweg S1 Nein
51%
Wollankstraße S2 Nein
51%
Fredersdorf S2 Nein
51%
Waßmannsdorf S45 Ja
51%
Baumschulenweg S47 Ja
51%
Hohenschönhausen S75 Ja
51%
Tempelhof S45 Ja
49%
Westkreuz S46 Ja
49%
Oberspree S47 Ja
49%
Raoul-Wallenberg-Straße S7 Ja
49%
Nikolassee S7 Ja
49%
Wollankstraße S25 Ja
47%
Eichwalde S8 Ja
47%
Schönfließ S1 Nein
44%
Hirschgarten S3 Ja
44%
Osdorfer Straße S25 Ja
42%
Eichwalde S46 Ja
42%
Schichauweg S2 Ja
40%
Wollankstraße S26 Nein
40%
Schönfließ S8 Ja
40%
Osdorfer Straße S26 Ja
35%
Fredersdorf S5 Ja
35%
Wollankstraße S85 Ja
26%
Keine übereinstimmenden Quizze gefunden
Verteilung der Resultate
Anzahl Personen mit jedem Resultat
Perzentil nach korrekt beantworteten Fragen
Ihre Resultats-Entwicklung
Sie haben dieses Quiz noch nicht gespielt